District capitals of Suriname - Statistics

General Stats
  • This quiz has been taken 10 times
  • The average score is 7 of 9
Answer Stats
Hint Answer % Correct
Brokopondo Brokopondo
100%
Paramaribo Paramaribo
100%
Marowijne Albina
86%
Saramacca Groningen
86%
Wanica Lelydorp
86%
Coronie Totness
86%
Commewijne Nieuw Amsterdam
71%
Nickerie Nieuw Nickerie
71%
Para Onverwacht
43%
No matching quizzes found
Score Distribution
Percent of People with Each Score
Percentile by Number Answered
Your Score History
You have not taken this quiz